000
00266nam a22001217a 4500
008
260415b ||||| |||| 00| 0 eng d
041
_a
Shqip
080
_a
191.1
100
_a
20
101
_a
Tregime
245
_a
Fshati pa Varreza
_c
Kim Mehmeti
942
_2
udc
_c
BK
999
_c
60974
_d
60974